00353nam a2200133Ia 450000500170000000800410001702000150005808200130007310000130008624500300009926000480012930000130017750000290019020250430055116.0240331s9999 xx 000 0 und d a9559367439 bRASa891 aRasnac,B 0aSoduriya ithin samuganimi aDivulapitiyabSaraswathi Publicationsc1999 a214 p ., aA Study on Tobacco Abuse